[Event "Kolkata DBCA op 5th"]
[Site "Kolkata"]
[Date "2024.04.12"]
[Round "2"]
[White "Santu, Mondal"]
[Black "Pratish, Raj"]
[Result "1-0"]
[WhiteElo "1983"]
[BlackElo "1624"]
[PlyCount "73"]
[EventDate "2024.04.11"]
[EventType "swiss"]
[EventRounds "9"]
[EventCountry "IND"]
[SourceTitle "CB17_2024"]
[SourceDate "2024.04.24"]
[SourceVersion "1"]
[SourceVersionDate "2024.04.24"]
[SourceQuality "1"]

1. d4 d5 2. Nc3 Nf6 3. Bg5 h6 4. Bh4 Bf5 5. f3 Bh7 6. e3 Nc6 7. Bd3 Bxd3 8. Qxd3 Qd7 9. Nge2 e6 10. 0-0-0 0-0-0 11. Kb1 Be7 12. Nc1 Kb8 13. Nb3 Nb4 14. Qe2 Na6 15. Bg3 Bd6 16. Be5 Ne8 17. e4 Bxe5 18. dxe5 c6 19. Na4 Qe7 20. exd5 exd5 21. Nd4 Rc8 22. f4 g6 23. Rhe1 Ng7 24. g4 Ne6 25. f5 Nxd4 26. Rxd4 h5 27. e6 Qf6 28. Qf2 hxg4 29. Rf4 g5 30. Rxg4 Rce8 31. exf7 Rxe1+ 32. Qxe1 Qxf5 33. Qe8+ Qc8 34. Qxc8+ Rxc8 35. Rxg5 Nc7 36. Nc5 Ka8 37. Rg8 1-0